Intermediate means of transport in Sub-Saharan Africa (Record no. 47250)

MARC details
000 -LEADER
fixed length control field 00596nam a2200157 a 4500
008 - FIXED-LENGTH DATA ELEMENTS--GENERAL INFORMATION
fixed length control field 120416s0000 ||||||||||||||||| || u
020 ## - INTERNATIONAL STANDARD BOOK NUMBER
International Standard Book Number 0821319515
050 ## - LIBRARY OF CONGRESS CALL NUMBER
Classification number IBRD(08)TP
100 ## - MAIN ENTRY--PERSONAL NAME
Personal name Riverson, John D. N
245 10 - TITLE STATEMENT
Title Intermediate means of transport in Sub-Saharan Africa
246 ## - VARYING FORM OF TITLE
Title proper/short title its potential for improving rural travel and transport
260 ## - PUBLICATION, DISTRIBUTION, ETC.
Place of publication, distribution, etc. Washington, D.C.
Name of publisher, distributor, etc. World Bank
Date of publication, distribution, etc. 1991
300 ## - PHYSICAL DESCRIPTION
Extent (x), 270p. : ill.
350 ## - PRICE (NR) (BK AM CF MU VM SE) [OBSOLETE]
Price 0.00
995 ## - RECOMMENDATION 995 [LOCAL, UNIMARC FRANCE]
-- 0.00
-- CBU-MAIN LIBRARY (Kitwe)
-- 1
-- 0.00
-- 1
-- AVAILABLE
-- International Publications
Holdings
Withdrawn status Lost status Source of classification or shelving scheme Damaged status Not for loan Home library Current library Shelving location Date acquired Total Checkouts Full call number Barcode Date last seen Price effective from Koha item type
          CBU-MAIN LIBRARY, KITWE. CBU-MAIN LIBRARY, KITWE.   11/30/2022   IBRD(08)TP 019788 11/30/2022 11/30/2022 MONOGRAPH